000 00511nam a22001817a 4500
005 20251108173707.0
008 250721s2003 xx 000 0 ara d
082 1 4 _a414/سلط
100 1 _aسلطاني، محمد علي
245 1 0 _aالعروض و إيقاع الشعر العربي /
250 _aط.2
264 1 _aدمشق :
_bدار العصماء،
_c2003.
300 _a138ص.
650 1 7 _aاللغه العربيه
650 1 7 _aعلم العروض
942 _2ddc
_cBK
999 _c110134
_d110134